000 00570nam a2200169 i 4500
001 88337
003 ES-MaACL
005 20230906175836.0
007 t|
008 050104s1958 sp ||||1| spa d
100 1 _aLagüens Marquesán, Gerardo.
_969611
245 1 0 _aRealizaciones de la España actual
_b: (política interior) /
_cGerardo Lagüens Marquesán, Roberto García de Vercher.
260 _aMadrid :
_b[s.n.,
_c1958] (
_fGráfs. Lure)
300 _a230 p. ;
_c21 cm.
700 1 _aGarcía de Vercher, Roberto.
_954500
852 _aES-MaACL
_jC-16191
_bR.42017
999 _c88337
_d88337